| 000 | 00924nas a2200289 4500 | ||
|---|---|---|---|
| 001 | BR2012005071 | ||
| 003 | BR-BrBNA | ||
| 005 | 20231205120827.0 | ||
| 007 | ta | ||
| 008 | 230509b bl.|||p| |||| 00| 00por d | ||
| 040 |
_aBR-BrBNA _bpor _cBiblioteca Nacional de Agricultura |
||
| 041 | _a(Pt) | ||
| 072 | _aL73 | ||
| 100 | 1 | _aPellizoni, S.G. | |
| 100 | 1 | _aSicupira, P.M.L. | |
| 100 | 1 | _aCarlos, R.S.A. | |
| 100 | 1 | _aLopes, C.W.G. | |
| 100 | 1 | _aAlbuquerque, G.R. | |
| 245 | 1 | _aOcorrência de anticorpos anti-Toxoplasma gondii em cães apreendidos no centro de controle de zoonoses de Ilhéus, Ba, Brasil | |
| 650 | _aCÃO | ||
| 650 | _aTOXOPLASMOSE | ||
| 650 | _aDOENÇA ANIMAL | ||
| 650 | _aANTICORPO | ||
| 773 | 0 |
_tRevista Brasileira de Medicina Veterinária (Brazil) _xISSN 0100-2430 _g(Jan-Mar 2009), v. 31(1) p. 9-12 _wBR2012005071 |
|
| 909 |
_a202311 _bLúcia _c55 _dLúcia Elande |
||
| 942 |
_2AGRIS _n0 _cANA |
||
| 999 |
_c220522 _d220522 |
||